Séries de France Télévisions en mort subite - Statistiques

Statistiques générales
  • Ce quiz a été pris 103 fois
  • Le résultat moyen est 41 sur 120
Answers on the Grid
Answers color-coded by a green-red scale on the quiz's grid according to % correct below.
Alexandra Ehle
Blandine l'insoumise
Boulevard du Palais
Brigade du fleuve
Caïn
Candice Renoir
Capitaine Marleau
Central Nuit
Apocalypse, la Deuxième Guerre mondiale
Le Champ Dolent, le roman de la Terre
Cherif
Chez Maupassant
Clara Sheller
Cœur Océan
Collection Fred Vargas
Commissaire Magellan
La Cour des grands
La Crim'
Le crime lui va si bien
Crimes et botanique
Cut !
David Nolande
De Gaulle, l'éclat et le secret
Deux flics sur les docks
Diane de Poitiers
Dix pour cent
Docteur Sylvestre
Double je
Duel au soleil
Les Enquêtes du commissaire Laviolette
Les Enquêtes d'Éloïse Rome
Fabien Cosma
Famille d'accueil
La Famille Katz
Fantômette
Foudre
Frank Riva
La Garçonne
Germinal
Greco
Le Groupe
Groupe flag
Hero Corp
L'Instit
Jacotte
Kepler(s)
La Kiné
Lebowitz contre Lebowitz
La Loi d'Alexandre
La Loi de Barbara
Alex Hugo
Louis la Brocante
Louis Page
Lyon police spéciale
Madame le Proviseur
Maigret
La Maison des Rocheville
Maître Da Costa
Malaterra
Mary Lester
Meurtres à...
Meurtres au paradis
Le Miroir de l'eau
Mitterrand confidentiel
Mongeville
Les Monos
Les Mystères de...
Napoléon
Nestor Burma
Nicolas Le Floch
Nina
Noces rouges
La Nouvelle Maud
O.P.J.
On va s'aimer un peu, beaucoup...
Les Oubliées
Ouija, un été meurtrier
Parents mode d'emploi
Le Passager
Le Camarguais
Les Petits Meurtres d'Agatha Christie
Petits Meurtres en famille
Philharmonia
PJ
Plus belle la vie
Poulets grillés
La Prophétie d'Avignon
Quai no 1
Rani
La Rebelle : Les Aventures de la jeune George Sand
Le Refuge
Rendez-vous avec le crime
Le Réveillon des bonnes
Rivages
Les Rivières pourpres
Les Rois maudits
Le Rouge et le Noir
Samantha, oups !
Le Sang de la vigne
Les Secrets du volcan
Le Silence de l'épervier
La smala s'en mêle
La Source
La Stagiaire
Sur la vie d'ma mère
Tropiques criminels
Le Tuteur
Un gars, une fille
Un été de canicule
Un flic nommé Lecoeur
La Vallée fracturée
Vendetta
Vestiaires
Vice versa
Victor Hugo, ennemi d'État
Le Voyageur
La Trilogie marseillaise
SOS 18
1788... et demi
Antoine Rives, le juge du terrorisme
Ce que la Nuit Oublie
L’Humanité Beta
Protocole Zéro-Miroir
Arsène Pottier
La Mémoire des Fautes
Enquête sur l’Enquête
Confucius vs Bouddha
Inspectrice Lena Kovacs
Anton Weiss, Section Grise
Les Gendarmes du Lot
 
Statistiques - réponses
Réponse % Correct
Candice Renoir
74%
Les Petits Meurtres d'Agatha Christie
72%
Meurtres au paradis
72%
Plus belle la vie
72%
Famille d'accueil
67%
La Stagiaire
66%
Louis la Brocante
64%
Meurtres à...
64%
Commissaire Magellan
61%
Un gars, une fille
61%
Capitaine Marleau
59%
Parents mode d'emploi
59%
Dix pour cent
56%
Mongeville
56%
Germinal
54%
Les Mystères de...
54%
Tropiques criminels
54%
Maigret
52%
Samantha, oups !
51%
Alex Hugo
49%
Le Sang de la vigne
49%
Les Rivières pourpres
49%
Petits Meurtres en famille
49%
Apocalypse, la Deuxième Guerre mondiale
48%
Cœur Océan
46%
L'Instit
46%
Madame le Proviseur
46%
Caïn
44%
La smala s'en mêle
44%
Le Tuteur
44%
Mitterrand confidentiel
44%
Nestor Burma
44%
Nicolas Le Floch
43%
Rendez-vous avec le crime
43%
Chez Maupassant
41%
Le crime lui va si bien
41%
PJ
41%
Nina
38%
Vestiaires
38%
Boulevard du Palais
36%
Clara Sheller
36%
Docteur Sylvestre
36%
La Crim'
36%
Le Rouge et le Noir
36%
Cherif
34%
De Gaulle, l'éclat et le secret
34%
Duel au soleil
34%
Les Secrets du volcan
34%
Le Voyageur
34%
On va s'aimer un peu, beaucoup...
34%
O.P.J.
34%
Alexandra Ehle
33%
La Loi d'Alexandre
33%
Les Enquêtes d'Éloïse Rome
33%
Les Enquêtes du commissaire Laviolette
33%
Les Rois maudits
33%
Napoléon
33%
Rivages
33%
Victor Hugo, ennemi d'État
33%
La Loi de Barbara
31%
La Prophétie d'Avignon
31%
Lebowitz contre Lebowitz
31%
Le Refuge
31%
Quai no 1
31%
Deux flics sur les docks
30%
Foudre
30%
La Kiné
30%
Les Monos
30%
Lyon police spéciale
30%
Maître Da Costa
30%
Noces rouges
30%
Brigade du fleuve
28%
Central Nuit
28%
Fantômette
28%
Louis Page
28%
Un été de canicule
28%
Crimes et botanique
26%
Cut !
26%
Fabien Cosma
26%
La Rebelle : Les Aventures de la jeune George Sand
26%
Le Passager
26%
Ouija, un été meurtrier
26%
SOS 18
26%
Diane de Poitiers
25%
Frank Riva
25%
Les Oubliées
25%
Mary Lester
25%
Groupe flag
23%
Kepler(s)
23%
La Cour des grands
23%
La Trilogie marseillaise
23%
Le Champ Dolent, le roman de la Terre
23%
Le Groupe
23%
Blandine l'insoumise
21%
Double je
21%
La Maison des Rocheville
21%
Le Camarguais
21%
Le Silence de l'épervier
21%
Antoine Rives, le juge du terrorisme
20%
La Garçonne
20%
La Nouvelle Maud
20%
La Source
20%
Poulets grillés
20%
Vendetta
18%
Collection Fred Vargas
16%
Hero Corp
16%
Jacotte
16%
La Famille Katz
16%
La Vallée fracturée
16%
Un flic nommé Lecoeur
16%
Greco
15%
Le Miroir de l'eau
15%
Le Réveillon des bonnes
15%
David Nolande
13%
Malaterra
13%
Rani
13%
Sur la vie d'ma mère
13%
1788... et demi
11%
Philharmonia
11%
Vice versa
8%
Aucun quiz correspondant
Distribution des résultats
% des personnes avec chaque résultat
Percentile par nombre de réponses
Votre historique - résultats
Vous n’avez pas pris ce quiz